| 000 | 01492nam a2200241Ia 4500 | ||
|---|---|---|---|
| 003 | Ost | ||
| 005 | 20260507075149.0 | ||
| 008 | 260507s9999||||xx |||||||||||||| ||und|| | ||
| 040 | _cfsecg | ||
| 041 | _aara | ||
| 082 | _a330 | ||
| 100 |
_aكتانه، خيري مصطفى _eمؤلف |
||
| 245 | 0 |
_aالتجارة الالكترونية / _c خيري مصطفى كتانه |
|
| 260 |
_aعمان: _bدار المسيرة, _c2009 |
||
| 300 |
_a400 صفحة؛ _bإيضاحات ؛ _c24 سم |
||
| 504 | _aمراجع ص.391 | ||
| 520 | _aالمعلوماتية و اتخاذ القرار ، مفهوم التجارة الالكترونية ، منظمة التجارة العالمية (wto) الانترنيت و بعض تطبيقات التجارة الالكترونية ، دور البنوك الالكترونية في دعم التجارة الالكترونية ، ملامح التجارة الالكترونية في الاقتصاد الاردني ، التجارة الالكترونية في سياق العولمة و الخصخصة ، مفهوم الحكومة الالكترونية و التعليم الالكتروني ، الاستراتيجية الالكترونية الرقمية الشاملة ، الازمات المالية و الاقتصادية العالمية | ||
| 653 | _aالإقتصاد- الأردن | ||
| 653 | _aالتجارة | ||
| 653 | _aالتجارة- الأردن | ||
| 653 | _aمنظمة التجارة الدولية | ||
| 942 | _cكتاب | ||
| 999 |
_c43333 _d43333 |
||